000
00190 a2200109 4500
020
_a
X00010P6AJ
041
_a
spa
100
_a
Rius, Maria
245
_a
El Mar
942
_c
BK
952
_7
4
999
_c
19613
_d
19613